People perception towards e-services in hilly area: A case study of e-districts in Himachal Pradesh (Record no. 524237)

000 -LEADER
fixed length control field 00775nam a22001457a 4500
008 - FIXED-LENGTH DATA ELEMENTS--GENERAL INFORMATION
fixed length control field 231106b ||||| |||| 00| 0 eng d
100 ## - MAIN ENTRY--PERSONAL NAME
Personal name Sharma, Sapna K. and Sharma, Babita
245 ## - TITLE STATEMENT
Title People perception towards e-services in hilly area: A case study of e-districts in Himachal Pradesh
260 ## - PUBLICATION, DISTRIBUTION, ETC. (IMPRINT)
Place of publication, distribution, etc Indian Journal of Public Administration
300 ## - PHYSICAL DESCRIPTION
Extent 69(3),Sep, 2023: p.666-677
520 ## - SUMMARY, ETC.
Summary, etc India is the largest democracy in the world. The revolution of the Internet has brought a new agenda for the government. With the help of information and communication technology, it is possible that we can provide facilities to people sitting away. – Reproduced
773 ## - HOST ITEM ENTRY
Main entry heading Indian Journal of Public Administration
906 ## - LOCAL DATA ELEMENT F, LDF (RLIN)
Subject DIP E-GOVERNANCE
942 ## - ADDED ENTRY ELEMENTS (KOHA)
Item type Articles
Holdings
Withdrawn status Lost status Source of classification or shelving scheme Damaged status Not for loan Permanent location Current location Date acquired Serial Enumeration / chronology Barcode Date last seen Koha item type
          Indian Institute of Public Administration Indian Institute of Public Administration 2023-11-06 69(3),Sep, 2023: p.666-677 AR130115 2023-11-06 Articles

Powered by Koha